| 000 | 01330nam a22002657a 4500 | ||
|---|---|---|---|
| 005 | 20220914144851.0 | ||
| 008 | 220914b ||||| |||| 00| 0 eng d | ||
| 020 | _a9789354912047 | ||
| 040 | _cAL | ||
| 041 | _aEnglish | ||
| 082 |
_223 _a920 _bCHAS |
||
| 100 |
_aV K Chavda _957487 |
||
| 245 | _aSayaji Rao Gaekwad III | ||
| 260 |
_aNew Delhi _bNational Book Trust _c2022 |
||
| 300 |
_avii,169 p. _bPB _c19x14 cm. |
||
| 365 |
_aBLCR-000076 _b₹152.00 _c₹ _d₹190.00 _e20% _f30-08-2022 |
||
| 440 |
_aIndia@75 series _957488 |
||
| 520 | _aTo Commemorate the 75th Years of India's Independence, National Book Trust,India under the Azadi ka Amrit Mahotsav programme has launched new publishing series 'India@75' for young and general readers. The book under this series will reflect the momentous ., yet wonderful journey of India. As a part of the series, books on freedom fighters are being developed. The aim behind publishing such books is to make young readers learn about the sacrifice and struggle of our renowned freedom fighters as well as unsung heroes of pre independence era . | ||
| 650 |
_aMarathas Come to Gujarat _957489 |
||
| 650 |
_aMinority Administration _957490 |
||
| 650 |
_aThe 'Seditious'Prince _957491 |
||
| 650 |
_aThe Princely Preacher _957492 |
||
| 700 |
_aCHAVDA (V K) _957493 |
||
| 942 |
_2ddc _cBK |
||
| 999 |
_c224602 _d224602 |
||